00431cam a22001574a 4500020002800000040000800028082002600036100002400062245002100086250001200107260004100119300005000160650002000210700002200230700002100252 a0072823402 (alk. paper) cDLC00a339 HIL 2004 A016 Or.1 aDornbusch, Rudiger.10aMacroeconomics / a9th ed. aBoston :bMcGraw-Hill/Irwin,cc2004. axxii, 613 p. :bill. (chiefly col.) ;c24 cm. 0aMacroeconomics.1 aFischer, Stanley.1 aStartz, Richard,